Detalles MARC
| 000 -CABECERA |
| fixed length control field |
01658aam a2200445 a 4500 |
| 001 - NUMERO DE CONTROL |
| control field |
000574198 |
| 003 - CONTROL NUMBER IDENTIFIER |
| control field |
AR-BaBN |
| 005 - FECHA Y HORA DE LA ULTIMA TRANSACCION |
| control field |
20251008174750.0 |
| 007 - CAMPO FIJO DE DESCRIPCION FIJA - INFORMACION GENERAL |
| fixed length control field |
ta |
| 008 - ELEMENTOS DE LONGITUD FIJA-INFORMACION GENERAL |
| fixed length control field |
090908s2004 ag gr 000 f spa |
| 015 ## - NATIONAL BIBLIOGRAPHY NUMBER |
| National bibliography number |
AR-2004 |
| 020 ## - NUMERO INTERNACIONAL NORMALIZADO PARA LIBROS |
| Número Internacional Normalizado del libro |
9500300338 |
| 040 ## - FUENTE DE CATALOGACION |
| Agencia de catalogación original |
AR-BaBN |
| Idioma de catalogación |
ESPAÑOL |
| Agencia que realiza la transcripción |
AR-BeUNQ |
| Convenciones de la descripción |
aacr |
| 044 ## - COUNTRY OF PUBLISHING/PRODUCING ENTITY CODE |
| MARC country code |
ag |
| ISO country code |
ar-c |
| 082 ## - NUMERO DE CLASIFICACION DECIMAL DEWEYMBER |
| Número de la edición |
21 |
| Número de clasificación |
A863 GUI |
| 100 1# - ASIENTO PRINCIPAL-NOMBRE PERSONAL |
| Nombre personal |
Güiraldes, Ricardo. |
| Fecha asociada al nombre |
1886-1927 |
| Término relacionador |
autor |
| Relationship |
aut |
| 245 10 - MENCION DE TITULO |
| Título |
Don Segundo Sombra : |
| Otra información sobre el título |
Version Completa. |
| Mención de responsabilidad, etc |
Ricardo Güiraldes ; introducción Silvina Beatriz Marsimiann. |
| Medio físico |
Libro. |
| 250 ## - MENCION DE EDICION |
| Mención de edición |
1a ed. |
| 260 ## - PUBLICACION, DISTRIBUCION, ETC. |
| Lugar de publicación, distribución, etc. |
Buenos Aires : |
| Nombre del editor, distribuidor, etc. |
Longseller, |
| Fecha de publicación, distribución, etc |
2010. |
| 300 ## - DESCRIPCION FISICA |
| Extensión |
300 p. ; |
| Dimensiones |
18 cm. |
| 490 1# - MENCION DE SERIE |
| Mención de serie |
Càsicos de Siempre : Relatos y Novelas. |
| Designación numérica/secuencial del volumen |
45. |
| 500 ## - NOTA GENERAL |
| Nota general |
Vocabulario: p. 259-268. |
| 504 ## - NOTA DE BIBLIOGRAFIA, ETC. |
| Nota de bibliografía, etc. |
Bibliografía de la introducción: p. 27-28. |
| 655 #4 - TERMINO DE INDIZACION - GENERO/FORMA |
| Datos o término principal de género/forma |
Novela gauchesca |
| 700 1# - ASIENTO SECUNDARIO - NOMBRE DE PERSONA |
| Personal name |
Marsimiann, Silvina Beatriz |
| Relator term |
prologuista |
| Relationship |
prol. |
| 830 #0 - ASIENTO SECUNDARIO DE SERIE--TITULO UNIFORME |
| Título uniforme |
Clàsicos de Siempre : Relatos y Niovelas |
| Designación numérica/secuencial del volumen |
49 |
| 929 ## - DATOS DE ADQUISICION |
| Procedencia |
DONACION |
| Proveedor |
Ministerios de Educaciòn de la Naciòn |
| Orden de compra |
0 |
| Precio |
0 |
| Fecha de recibido |
2017 |
| Patrimonio UNQ |
PAT 0083741 |
| Número de inventario |
63569 |
| 930 #1 - EQUIVALENCE OR CROSS-REFERENCE-UNIFORM TITLE HEADING [LOCAL, CANADA] |
| Language of a work |
BNA01 |
| Medium of performance for music |
LIBRO |
| Linkage |
00873771 |
| Field link and sequence number |
20110912 |
| Date of a work |
20 |
| Version |
02 |
| Number of part/section of a work |
000 |
| Arranged statement for music |
000574198 |
| 942 ## - ELEMENTOS DE PUNTO DE ACCESO ADICIONAL (KOHA) |
| Source of classification or shelving scheme |
|
| Suppress in OPAC |
0 |
| Tipo de ítem Koha |
Libros |
| 956 ## - LOCAL ELECTRONIC LOCATION AND ACCESS (OCLC) |
| Host name |
GSL |
| Access number |
00 |
| Compression information |
20110915 |
| Logon |
BNA01 |
| Processor of request |
2329 |
| 956 ## - LOCAL ELECTRONIC LOCATION AND ACCESS (OCLC) |
| Host name |
GSL |
| Compression information |
20130614 |
| Logon |
BNA01 |
| Processor of request |
1809 |
| 956 ## - LOCAL ELECTRONIC LOCATION AND ACCESS (OCLC) |
| Host name |
KRODRIGUEZ |
| Access number |
20 |
| Compression information |
20131213 |
| Logon |
BNA01 |
| Processor of request |
0940 |
| 956 ## - LOCAL ELECTRONIC LOCATION AND ACCESS (OCLC) |
| Host name |
CATAU |
| Access number |
20 |
| Compression information |
20140903 |
| Logon |
BNA01 |
| Processor of request |
1522 |
| 956 ## - LOCAL ELECTRONIC LOCATION AND ACCESS (OCLC) |
| Host name |
PLEMOS |
| Access number |
20 |
| Compression information |
20160309 |
| Logon |
BNA01 |
| Processor of request |
1526 |
| 956 ## - LOCAL ELECTRONIC LOCATION AND ACCESS (OCLC) |
| Host name |
RMONTUORI |
| Access number |
20 |
| Compression information |
20181220 |
| Logon |
BNA01 |
| Processor of request |
2055 |
| 956 ## - LOCAL ELECTRONIC LOCATION AND ACCESS (OCLC) |
| Host name |
RMONTUORI |
| Access number |
20 |
| Compression information |
20181226 |
| Logon |
BNA01 |
| Processor of request |
1648 |
| 956 ## - LOCAL ELECTRONIC LOCATION AND ACCESS (OCLC) |
| Host name |
SPOWAZNIAK |
| Access number |
20 |
| Compression information |
20250306 |
| Logon |
BNA01 |
| Processor of request |
1521 |
| 956 ## - LOCAL ELECTRONIC LOCATION AND ACCESS (OCLC) |
| Host name |
SPOWAZNIAK |
| Access number |
20 |
| Compression information |
20250311 |
| Logon |
BNA01 |
| Processor of request |
1014 |